[Event "78.Santo Camp. Veneto Quarti di Finale"]
[Site "Padova ITA"]
[Date "2019.02.15"]
[Round "1.14"]
[White "Loiacono, Antonio"]
[Black "Toniolo, Samuel"]
[Result "1-0"]
[WhiteElo "2168"]
[BlackElo "1954"]
[Annotator "Gabriele Ballarin"]
[PlyCount "69"]
[EventDate "2019.02.15"]
[EventType "swiss"]
[EventRounds "5"]
[EventCountry "ITA"]

1. Nf3 d5 2. b3 Nf6 3. Bb2 c5 4. g3 Nc6 5. Bg2 Qc7 6. O-O e5 7. d3 Bd6 8. Nc3 a6 9. e4 d4 10. Ne2 O-O 11. Nh4 Re8 12. h3 b5 13. f4 Bd7 14. Rf2 Rab8 15. f5 Be7 16. Nf3 c4 17. g4 h6 18. Ng3 Rec8 19. Bf1 cxd3 20. cxd3 Qa5 21. a3 Qd8 22. Rh2 Rb7 23. Nh1 Be8 24. Nf2 b4 25. h4 Nd7 26. g5 hxg5 27. hxg5 Bxg5 28. Nxg5 Qxg5+ 29. Kh1 Nf8 30. Bc1 Qf6 31. Qh5 g6 32. Ng4 Qg7 33. Qh4 f6 34. Nxf6+ Kf7 35. Ng4 1-0

[Event "78.Santo Camp. Veneto Quarti di Finale"]
[Site "Padova ITA"]
[Date "2019.02.15"]
[Round "1.15"]
[White "Pecci, William"]
[Black "Giuriati, Paolo"]
[Result "1/2-1/2"]
[WhiteElo "1918"]
[BlackElo "2055"]
[Annotator "Gabriele Ballarin"]
[PlyCount "84"]
[EventDate "2019.02.15"]
[EventType "swiss"]
[EventRounds "5"]
[EventCountry "ITA"]

1. e4 e6 2. d3 d5 3. Nd2 Nf6 4. Ngf3 c5 5. g3 Nc6 6. Bg2 g6 7. O-O Bg7 8. Re1 O-O 9. c3 Qc7 10. Nb3 b6 11. exd5 Nxd5 12. d4 cxd4 13. Nfxd4 Nxd4 14. Nxd4 Bb7 15. Qd3 Rad8 16. Bg5 Rd7 17. Nb5 Qb8 18. Rad1 h6 19. Bc1 Rfd8 20. Qe2 a6 21. Nd4 b5 22. Nb3 Qc7 23. Be3 Nxe3 24. Rxd7 Rxd7 25. Qxe3 Bxg2 26. Kxg2 a5 27. Re2 a4 28. Nc5 Rd1 29. a3 Qd6 30. f3 Qd5 31. Ne4 Qc4 32. Re1 Rd5 33. Re2 Re5 34. f4 Rd5 35. Nd2 Qa2 36. Nf3 Bf8 37. Rd2 Bc5 38. Qe2 Rxd2 39. Qxd2 Kg7 40. h4 Qb1 41. Nd4 Qe4+ 42. Nf3 Qb1 1/2-1/2

[Event "78.Santo Camp. Veneto Quarti di Finale"]
[Site "Padova ITA"]
[Date "2019.02.15"]
[Round "1.16"]
[White "Bergamasco, Tommaso"]
[Black "Ghiotto, Marco Luigi"]
[Result "0-1"]
[WhiteElo "2162"]
[BlackElo "1917"]
[Annotator "Gabriele Ballarin"]
[PlyCount "126"]
[EventDate "2019.02.15"]
[EventType "swiss"]
[EventRounds "5"]
[EventCountry "ITA"]

1. d4 e6 2. Nf3 Nf6 3. Bf4 b6 4. e3 Bb7 5. Nbd2 c5 6. c3 Nc6 7. h3 d5 8. Bb5 a6 9. Bxc6+ Bxc6 10. Ne5 Rc8 11. Ndf3 Bb7 12. Ng5 Rc7 13. Qa4+ b5 14. Qa5 Qc8 15. Ng6 hxg6 16. Qxc7 Qxc7 17. Bxc7 Be7 18. O-O O-O 19. a3 Rc8 20. Bh2 Nd7 21. Nf3 Nb6 22. dxc5 Rxc5 23. Rfc1 Na4 24. Rab1 Rc8 25. Kf1 a5 26. b4 Ba6 27. g4 Nb6 28. Ne5 Bf6 29. Nd3 Nc4 30. Ke2 Be7 31. Ra1 f6 32. Rc2 Kf7 33. Raa2 Rh8 34. Nb2 Nxb2 35. Rcxb2 Rxh3 36. Bg3 a4 37. Rb1 g5 38. Raa1 e5 39. Rh1 Bc8 40. f3 Rh6 41. Rxh6 gxh6 42. Rh1 Bf8 43. Kd3 Be6 44. e4 dxe4+ 45. Kxe4 Kg6 46. Rd1 h5 47. gxh5+ Kxh5 48. Rd8 Bg7 49. Re8 f5+ 50. Kd3 Bc4+ 51. Kd2 f4 52. Bf2 g4 53. Re7 Bf6 54. Rh7+ Kg6 55. Rc7 gxf3 56. Rxc4 bxc4 57. b5 e4 58. Bd4 e3+ 59. Bxe3 fxe3+ 60. Kxe3 Bxc3 61. b6 f2 62. Ke2 Kf5 63. b7 Be5 0-1

[Event "78.Santo Camp. Veneto Quarti di Finale"]
[Site "Padova ITA"]
[Date "2019.02.15"]
[Round "1.17"]
[White "Ottaviani, Gianluca"]
[Black "Marzocchi, Tommaso"]
[Result "0-1"]
[WhiteElo "1906"]
[BlackElo "2155"]
[Annotator "Gabriele Ballarin"]
[PlyCount "94"]
[EventDate "2019.02.15"]
[EventType "swiss"]
[EventRounds "5"]
[EventCountry "ITA"]

1. e4 c5 2. Nf3 Nc6 3. Bb5 g6 4. O-O Bg7 5. Re1 Nf6 6. Bxc6 bxc6 7. d4 cxd4 8. Nxd4 O-O 9. Nc3 Bb7 10. e5 Ne8 11. Nb3 d6 12. Bg5 d5 13. Nc5 Bc8 14. Qd2 Nc7 15. Bh6 Rb8 16. Bxg7 Kxg7 17. b3 Ne6 18. Nxe6+ Bxe6 19. Rad1 Qa5 20. Na4 Rb5 21. Qg5 Qc7 22. h4 Rd8 23. Nb2 Rb4 24. f3 Qb6+ 25. Kf1 Qa6+ 26. Nd3 Rb7 27. a4 c5 28. Re2 Rc7 29. Nf4 h6 30. Qg3 c4 31. Nxe6+ Qxe6 32. Qf2 cxb3 33. cxb3 d4 34. Kg1 d3 35. Red2 Qxb3 36. Qe3 Rc3 37. h5 Qxa4 38. hxg6 fxg6 39. Kf2 Qh4+ 40. Kg1 Qd4 41. Kf2 Rc2 42. Qxd4 Rxd2+ 43. Rxd2 Rxd4 44. Ke3 Rd5 45. Ke4 e6 46. Rxd3 Rxd3 47. Kxd3 g5 0-1

[Event "78.Santo Camp. Veneto Quarti di Finale"]
[Site "Padova ITA"]
[Date "2019.02.15"]
[Round "1.18"]
[White "Quaranta, Cristiano"]
[Black "Desideri, Alessandro"]
[Result "1/2-1/2"]
[WhiteElo "2149"]
[BlackElo "1904"]
[Annotator "Gabriele Ballarin"]
[PlyCount "139"]
[EventDate "2019.02.15"]
[EventType "swiss"]
[EventRounds "5"]
[EventCountry "ITA"]

1. b3 f5 2. Bb2 Nf6 3. Bxf6 exf6 4. g3 d5 5. Bg2 c6 6. e3 Na6 7. Ne2 Bd6 8. O-O Be6 9. d3 Qd7 10. c4 dxc4 11. bxc4 O-O 12. Nd2 Rad8 13. Rb1 Qf7 14. d4 Bb4 15. Nf4 Bc8 16. Qc2 g5 17. Nd3 Bxd2 18. Qxd2 Qxc4 19. Rfc1 Qf7 20. Bf1 Be6 21. Qa5 h5 22. Ne1 h4 23. Bxa6 bxa6 24. Rxc6 hxg3 25. hxg3 Bd5 26. Rc5 Be4 27. Rbc1 Qh5 28. Kf1 Rb8 29. Qd2 Kg7 30. f3 Rh8 31. Rc7+ Kg6 32. Qg2 Rb2 33. fxe4 Qh1+ 34. Qg1 Qxe4 35. R7c2 Rxc2 36. Rxc2 Rh1 37. Qxh1 Qxh1+ 38. Kf2 g4 39. Ng2 Qd1 40. Re2 Qb1 41. Nf4+ Kf7 42. Ng2 a5 43. Nh4 Ke6 44. Ng6 a4 45. Nh4 a3 46. Ng2 Kd6 47. Nh4 Kd5 48. Ng2 Kc4 49. Nh4 Kc3 50. Ng2 Qb7 51. Ne1 Qe4 52. Rc2+ Kb4 53. Rc5 f4 54. gxf4 g3+ 55. Ke2 Ka4 56. Rc4+ Kb5 57. Rc5+ Kb6 58. Rc1 g2 59. Nf3 g1=Q 60. Rxg1 Qc2+ 61. Nd2 Qxa2 62. Kd3 Kc7 63. Rc1+ Kd7 64. Rc2 Qe6 65. Nc4 Qa6 66. Ra2 Qb5 67. Rxa3 a5 68. Rxa5 Qb3+ 69. Ke4 Qxc4 70. Rc5 1/2-1/2

[Event "78.Santo Camp. Veneto Quarti di Finale"]
[Site "Padova ITA"]
[Date "2019.02.15"]
[Round "1.19"]
[White "Garbezza, Davide"]
[Black "Negro, Roberto"]
[Result "0-1"]
[WhiteElo "1885"]
[BlackElo "2141"]
[Annotator "Gabriele Ballarin"]
[PlyCount "98"]
[EventDate "2019.02.15"]
[EventType "swiss"]
[EventRounds "5"]
[EventCountry "ITA"]

{[%evp 0,49,25,26,67,35,35,6,1,12,-18,-9,-2,-52,-29,-36,-36,-94,-60,-100,-94,-102,-95,-112,-63,-61,-61,-100,-105,-85,-85,-85,-92,-87,-94,-87,-81,-79,-86,-83,-91,-91,-72,-110,-101,-168,-149,-160,-142,-166,-146,-183]} 1. d4 g6 2. c4 Bg7 3. g3 c5 4. Nf3 cxd4 5. Nxd4 Nc6 6. Nb3 d6 7. Bg2 Be6 8. N1d2 a5 9. a4 Nf6 10. O-O O-O 11. c5 d5 12. Nf3 Ne4 13. Nfd4 Nxd4 14. Nxd4 Nxc5 15. Be3 Rc8 16. Rc1 b6 17. b3 Qd7 18. Nxe6 fxe6 19. Bxc5 bxc5 20. Qd2 Qa7 21. Qe3 Rc6 22. Rfd1 Bd4 23. Qd3 Bxf2+ 24. Kh1 Qa6 25. e3 c4 26. bxc4 Rc5 27. Qd4 Rxc4 28. Rxc4 Qxc4 29. Qxc4 dxc4 30. Bh3 c3 31. Rc1 Bxe3 32. Rxc3 Bd2 33. Rd3 Bb4 34. Bxe6+ Kg7 35. Kg2 Rf6 36. Bd7 Bc5 37. h3 Rf2+ 38. Kh1 Re2 39. Rf3 e5 40. g4 e4 41. Rf1 Re3 42. Kg2 Re2+ 43. Kh1 {=} Bf2 44. Bb5 Rb2 45. Kg2 Bh4+ 46. Kg1 e3 47. Bc4 e2 48. Rf7+ Kh6 49. g5+ Kxg5 0-1

[Event "78.Santo Camp. Veneto Quarti di Finale"]
[Site "Padova ITA"]
[Date "2019.02.15"]
[Round "1.20"]
[White "Lezzerini, Marco"]
[Black "Bordin, Silvia"]
[Result "1/2-1/2"]
[WhiteElo "2133"]
[BlackElo "1858"]
[Annotator "Gabriele Ballarin"]
[PlyCount "126"]
[EventDate "2019.02.15"]
[EventType "swiss"]
[EventRounds "5"]
[EventCountry "ITA"]

1. d4 d5 2. c4 e6 3. Nc3 c6 4. e3 f5 5. Bd3 Bd6 6. Nf3 Nf6 7. O-O O-O 8. Qc2 Ne4 9. Rb1 Bd7 10. b4 a6 11. c5 Bc7 12. a4 Be8 13. b5 axb5 14. axb5 Nxc3 15. Qxc3 b6 16. cxb6 Bxb6 17. Ne5 cxb5 18. Bxb5 Bxb5 19. Rxb5 Bc7 20. Ba3 Rf6 21. Rc1 Bxe5 22. dxe5 Rf7 23. Rc5 Rf8 24. Rc7 Re8 25. Be7 Rxe7 26. Rc8 Nd7 27. Rxd8+ Rxd8 28. Qc7 Rde8 29. Qd6 Nf8 30. f4 Ra7 31. Qb6 Rea8 32. h4 Ra6 33. Qb4 Ra4 34. Qe7 R8a7 35. Qg5 h6 36. Qd8 Ra8 37. Rc8 Rxc8 38. Qxc8 h5 39. Qe8 Ra1+ 40. Kf2 g6 41. Qe7 Ra2+ 42. Kf3 Ra1 43. Qb4 Rh1 44. Ke2 Rxh4 45. Qb1 Rg4 46. Qf1 Kg7 47. Kd3 Kf7 48. Qh1 Kg7 49. Kd4 Rg3 50. Kc5 Rxe3 51. Kd6 Ra3 52. Qf1 Ra7 53. Qb1 Rd7+ 54. Kc6 Rf7 55. Qb4 Kg8 56. Qb8 Kg7 57. Qd8 Kg8 58. Qe8 Kg7 59. Qd8 Kg8 60. Kc5 Kg7 61. Kd4 Kg8 62. Ke3 Rd7 63. Qf6 Rf7 {=} 1/2-1/2

[Event "78.Santo Camp. Veneto Quarti di Finale"]
[Site "Padova ITA"]
[Date "2019.02.15"]
[Round "1.21"]
[White "Proietti Tocca, Tosca"]
[Black "Cappelletto, Joshuaede"]
[Result "0-1"]
[WhiteElo "1824"]
[BlackElo "2105"]
[Annotator "Gabriele Ballarin"]
[PlyCount "78"]
[EventDate "2019.02.15"]
[EventType "swiss"]
[EventRounds "5"]
[EventCountry "ITA"]

1. e4 g6 2. d4 Bg7 3. Nc3 d6 4. Be3 a6 5. Qd2 b5 6. a3 Bb7 7. Bd3 Nd7 8. Nf3 Ngf6 9. Bh6 O-O 10. Bxg7 Kxg7 11. O-O c5 12. e5 Ng4 13. Qf4 cxd4 14. Qxg4 Bxf3 15. Qxd4 dxe5 16. Qe3 Bb7 17. Rad1 Qc7 18. Be4 Bxe4 19. Nxe4 Rfd8 20. Qh3 Nf6 21. Nc3 Rd4 22. Rde1 Rd2 23. Qe3 Rxc2 24. Qxe5 Qxe5 25. Rxe5 Rxb2 26. Rxe7 Rc8 27. Nb1 Rcc2 28. h3 a5 29. Re5 Nh5 30. Re3 b4 31. axb4 axb4 32. g3 f5 33. Rf3 Nf6 34. Re1 Ne4 35. g4 Ng5 36. Rd3 Rxf2 37. Ree3 Ne4 38. Rb3 Rbc2 39. Re1 Rg2+ 0-1

[Event "78.Santo Camp. Veneto Quarti di Finale"]
[Site "Padova ITA"]
[Date "2019.02.15"]
[Round "1.22"]
[White "Vianello, Enrico"]
[Black "Pasin, Mattia"]
[Result "1/2-1/2"]
[WhiteElo "2097"]
[BlackElo "1798"]
[Annotator "Gabriele Ballarin"]
[PlyCount "120"]
[EventDate "2019.02.15"]
[EventType "swiss"]
[EventRounds "5"]
[EventCountry "ITA"]

1. Nf3 Nf6 2. c4 c6 3. g3 e6 4. Bg2 d5 5. d4 Be7 6. O-O O-O 7. Qc2 Nbd7 8. Nbd2 Re8 9. e4 dxe4 10. Nxe4 Nxe4 11. Qxe4 Nf6 12. Qc2 Bd6 13. Rd1 Qc7 14. Bg5 b6 15. Bxf6 gxf6 16. c5 Be7 17. b4 Bb7 18. Qe4 Red8 19. Rac1 Rd7 20. Qg4+ Kh8 21. Qh5 Bf8 22. g4 Bg7 23. b5 Rd5 24. Qh4 cxb5 {=} 25. c6 Ba6 26. Ne1 Rd6 27. Be4 h6 28. Nc2 Rg8 29. d5 f5 30. Bg2 fxg4 31. dxe6 Rxe6 32. Nb4 Bc8 33. Nd5 Qd8 34. Qh5 Re5 35. Qxf7 Be6 36. c7 Bxf7 37. cxd8=Q Rxd8 38. Ne3 {=} Rxd1+ 39. Rxd1 h5 40. Rd7 Bxa2 41. Rxa7 Bc4 42. Rb7 Re6 43. h3 g3 44. Nxc4 gxf2+ 45. Kxf2 bxc4 46. Bd5 Rf6+ 47. Ke3 c3 48. Be4 Bh6+ 49. Kd3 Re6 50. Rc7 Bd2 51. Rh7+ Kg8 52. Bd5 Kxh7 53. Bxe6 Kg6 54. Kc2 Kf6 55. Bb3 Ke5 56. Bf7 h4 57. Bb3 b5 58. Ba2 Kf4 59. Be6 Ke3 60. Bb3 b4 1/2-1/2

[Event "78.Santo Camp. Veneto Quarti di Finale"]
[Site "Padova ITA"]
[Date "2019.02.15"]
[Round "1.23"]
[White "Zotti, Enrico"]
[Black "Fregonese, Giulio"]
[Result "0-1"]
[WhiteElo "1790"]
[BlackElo "2095"]
[Annotator "Gabriele Ballarin"]
[PlyCount "62"]
[EventDate "2019.02.15"]
[EventType "swiss"]
[EventRounds "5"]
[EventCountry "ITA"]

1. Nf3 Nf6 2. b4 d5 3. Bb2 e6 4. a3 a5 5. b5 c5 6. bxc6 bxc6 7. e3 Be7 8. d4 O-O 9. Nbd2 Nbd7 10. Be2 Ba6 11. c4 c5 12. O-O Nb6 13. Ne5 Rc8 14. Rc1 cxd4 15. exd4 dxc4 16. Ndxc4 Nxc4 17. Nxc4 Nd5 18. g3 Rb8 19. Rc2 Bb5 20. Qd2 a4 21. Rfc1 Bg5 22. f4 Bf6 23. Ne5 Bxe5 24. dxe5 Bxe2 25. Qxe2 Qb6+ 26. Kh1 h6 27. Re1 Rfc8 28. Rxc8+ Rxc8 29. h4 Qb3 30. Bc1 Rc2 31. Qg4 Qc3 0-1

[Event "78.Santo Camp. Veneto Quarti di Finale"]
[Site "Padova ITA"]
[Date "2019.02.15"]
[Round "1.25"]
[White "Desideri, Leonardo"]
[Black "Grandesso, Emanuele"]
[Result "1-0"]
[WhiteElo "1786"]
[BlackElo "2076"]
[Annotator "Gabriele Ballarin"]
[PlyCount "70"]
[EventDate "2019.02.15"]
[EventType "swiss"]
[EventRounds "5"]
[EventCountry "ITA"]

1. b4 d5 2. Bb2 Nf6 3. Nf3 e6 4. a3 b6 5. e3 Bb7 6. Be2 Nbd7 7. O-O Be7 8. d3 O-O 9. Nbd2 c5 10. b5 Qc7 11. c4 Rfd8 12. Qc2 Nf8 13. Rfd1 Ng6 14. Rac1 Rac8 15. h3 Nd7 16. Nf1 Bf6 17. Bxf6 Nxf6 18. Ng3 d4 19. exd4 cxd4 20. Nh2 Nf4 21. Bf3 Nd7 22. Qd2 Bxf3 23. Nxf3 Nc5 24. Qc2 a6 25. Ne1 axb5 26. cxb5 Ra8 27. Qb2 Ra5 28. Ne4 Qe5 29. Rc4 Nxe4 30. Nf3 Qd5 31. Rxd4 Qa8 32. dxe4 Rxd4 33. Rxd4 h6 34. Qd2 Nxh3+ 35. gxh3 Qa7 1-0

[Event "78.Santo Camp. Veneto Quarti di Finale"]
[Site "Padova ITA"]
[Date "2019.02.15"]
[Round "1.26"]
[White "Dionigi, Riccardo"]
[Black "Garau, Francesca"]
[Result "1-0"]
[WhiteElo "2063"]
[BlackElo "1772"]
[Annotator "Gabriele Ballarin"]
[PlyCount "57"]
[EventDate "2019.02.15"]
[EventType "swiss"]
[EventRounds "5"]
[EventCountry "ITA"]

1. d4 d5 2. Nf3 e6 3. e3 c5 4. b3 Nc6 5. Bd3 Nf6 6. O-O Bd6 7. a3 b6 8. Bb2 O-O 9. Nbd2 cxd4 10. exd4 Qc7 11. Qe2 Bb7 12. Ne5 Ne7 13. f4 Bxe5 14. fxe5 Nd7 15. Rf3 Ng6 16. Raf1 Qd8 17. Rh3 Qg5 18. Rh5 Qe7 19. Qg4 f5 20. Qh3 h6 21. Bc1 Rf7 22. Nf3 Ndf8 23. g4 f4 24. g5 Re8 25. gxh6 gxh6 26. Rxh6 Rg7 27. Kh1 Rc8 28. Rg1 Qe8 29. Qh5 1-0

[Event "78.Santo Camp. Veneto Quarti di Finale"]
[Site "Padova ITA"]
[Date "2019.02.15"]
[Round "1.27"]
[White "Rosina, Graziano"]
[Black "Ballotti, Luca"]
[Result "1/2-1/2"]
[WhiteElo "1738"]
[BlackElo "2061"]
[Annotator "Gabriele Ballarin"]
[PlyCount "145"]
[EventDate "2019.02.15"]
[EventType "swiss"]
[EventRounds "5"]
[EventCountry "ITA"]

1. Nf3 d5 2. d4 c5 3. c3 Nf6 4. Bf4 g6 5. e3 Bg7 6. Bb5+ Bd7 7. Qe2 O-O 8. O-O a6 9. Bxd7 Nfxd7 10. Nbd2 Nc6 11. Rfd1 f6 12. e4 cxd4 13. exd5 Nce5 14. cxd4 Nxf3+ 15. Nxf3 Nb6 16. Qe6+ Rf7 17. d6 exd6 18. Bxd6 Qd7 19. Qxd7 Rxd7 20. Bc5 Nd5 21. a4 b6 22. Ba3 Bh6 23. a5 b5 24. Bc5 b4 25. g3 Rb8 26. Re1 Kf7 27. Re2 Rb5 28. Nd2 Bxd2 29. Rxd2 Nc7 30. Rad1 Nd5 31. Ra1 Nf4 32. Bb6 (32. gxf4 Rxc5) 32... Nd5 33. Bc5 Ne7 34. Bxe7 Kxe7 35. Kf1 Rbd5 36. Re1+ Kf7 37. Ra1 Rxd4 38. Rxd4 Rxd4 39. Ra4 Ke6 40. Ke2 Kd5 41. Ra1 Kd6 42. Rc1 Rd5 43. Rc4 Rb5 44. b3 h5 45. h4 g5 46. hxg5 fxg5 47. f3 Rxa5 48. Rxb4 Rb5 49. Rd4+ Ke5 50. Re4+ Kf5 51. b4 Re5 52. Rxe5+ Kxe5 53. Kf2 Kd4 54. f4 gxf4 55. gxf4 Kc4 56. f5 Kd5 57. Kg3 Ke5 58. Kh4 Kxf5 59. Kxh5 Ke5 60. Kg4 Ke4 61. Kg3 Kd3 62. Kf2 Kc3 63. Ke2 Kxb4 64. Kd2 Kb3 65. Kc1 Ka2 66. Kc2 a5 67. Kc1 a4 68. Kc2 Ka1 69. Kc1 a3 70. Kc2 Ka2 71. Kc1 Ka1 72. Kc2 a2 73. Kc1 1/2-1/2

[Event "78.Santo Camp. Veneto Quarti di Finale"]
[Site "Padova ITA"]
[Date "2019.02.15"]
[Round "1.28"]
[White "Pacini, Ermanno"]
[Black "De Marzi, Davide"]
[Result "0-1"]
[WhiteElo "2060"]
[BlackElo "1704"]
[Annotator "Gabriele Ballarin"]
[PlyCount "82"]
[EventDate "2019.02.15"]
[EventType "swiss"]
[EventRounds "5"]
[EventCountry "ITA"]

1. c4 Nf6 2. Nc3 g6 3. g3 Bg7 4. Bg2 c6 5. e4 d6 6. Nge2 e5 7. d4 Nbd7 8. O-O O-O 9. b3 Re8 10. Bb2 Nb6 11. Re1 Bd7 12. a4 a5 13. c5 exd4 14. Qxd4 Nxe4 15. Qxg7+ Kxg7 16. Nxe4+ Kf8 17. cxb6 Rxe4 18. Bxe4 Qxb6 19. Bc2 d5 20. Nf4 d4 21. Ba3+ c5 22. Re5 Rc8 23. Nd3 Kg7 24. Bxc5 Qc6 25. Bxd4 f6 26. Re7+ Kg8 27. Re2 Qf3 28. Nf4 Bc6 29. Be4 Bxe4 30. Rxe4 Qxe4 31. Bxf6 Qf3 32. Rb1 Rc2 33. Bd4 g5 34. Ng2 h5 35. Ne1 Qe4 36. Nxc2 Qxc2 37. Rc1 Qxb3 38. Bf6 g4 39. h3 gxh3 40. Rc3 Qd1+ 41. Kh2 Qf1 0-1

[Event "78.Santo Camp. Veneto Quarti di Finale"]
[Site "Padova ITA"]
[Date "2019.02.15"]
[Round "1.29"]
[White "Gola, Giorgio"]
[Black "Ridolfo, Enrico"]
[Result "0-1"]
[WhiteElo "1701"]
[BlackElo "2055"]
[Annotator "Gabriele Ballarin"]
[PlyCount "74"]
[EventDate "2019.02.15"]
[EventType "swiss"]
[EventRounds "5"]
[EventCountry "ITA"]

1. e4 c5 2. Nf3 g6 3. d4 cxd4 4. Nxd4 Bg7 5. c4 Nc6 6. Be3 d6 7. Nc3 Nf6 8. Be2 O-O 9. O-O Bd7 10. f3 Rc8 11. Qd2 a6 12. Rfd1 Re8 13. Rac1 Qa5 14. a3 Ne5 15. Nb1 Qxd2 16. Rxd2 d5 17. exd5 Nxd5 18. Nc2 Nxe3 19. Nxe3 Bh6 20. Kf2 Be6 21. Rdc2 Red8 22. g3 Nd3+ 23. Bxd3 Rxd3 24. f4 Bg7 25. Ke2 Rb3 26. Nc3 Bxc4+ 27. Nxc4 Rxc4 28. Kd3 Rc6 29. Ke4 f5+ 30. Kd3 Kf7 31. Kd2 Bxc3+ 32. Rxc3 Rxb2+ 33. R1c2 Rxc2+ 34. Kxc2 Ke6 35. Kd3 Rxc3+ 36. Kxc3 Kd5 37. Kd3 a5 0-1

[Event "78.Santo Camp. Veneto Quarti di Finale"]
[Site "Padova ITA"]
[Date "2019.02.15"]
[Round "1.30"]
[White "Stiz, Massimiliano"]
[Black "Gaudiosi, Andrea"]
[Result "1-0"]
[WhiteElo "2055"]
[BlackElo "1684"]
[Annotator "Gabriele Ballarin"]
[PlyCount "91"]
[EventDate "2019.02.15"]
[EventType "swiss"]
[EventRounds "5"]
[EventCountry "ITA"]

1. b3 c5 2. Bb2 Nc6 3. e3 d5 4. Bb5 Nf6 5. Nf3 a6 6. Bxc6+ bxc6 7. h3 e6 8. d3 Be7 9. Nbd2 O-O 10. O-O a5 11. a4 Re8 12. Ne5 Qc7 13. f4 Nd7 14. Nxd7 Bxd7 15. e4 Qb6 16. Kh1 d4 17. Nc4 Qc7 18. Qf3 f6 19. Bc1 Rf8 20. Bd2 Bd6 21. Qg3 Kh8 22. Rae1 f5 23. e5 Be7 24. Rg1 Be8 25. Qf3 Qd8 26. Ref1 Rg8 27. Kh2 Ra6 28. g4 Rf8 29. Qg3 Bg6 30. Qe1 Bh4 31. Bxa5 Qe7 32. Qe2 fxg4 33. hxg4 Qa7 34. Bd2 Bd8 35. Nd6 Qe7 36. Be1 Ba5 37. Bxa5 Rxa5 38. Kg3 Be8 39. Rh1 g6 40. g5 Ra7 41. Rh6 Rg8 42. Rfh1 Qf8 43. Rxh7+ Rxh7 44. Rxh7+ Kxh7 45. Qh2+ Kg7 46. Qh6# 1-0

[Event "78.Santo Camp. Veneto Quarti di Finale"]
[Site "Padova ITA"]
[Date "2019.02.15"]
[Round "1.31"]
[White "Marchioro, Michele"]
[Black "Bernardini, Tommaso"]
[Result "0-1"]
[WhiteElo "1449"]
[BlackElo "2036"]
[Annotator "Gabriele Ballarin"]
[PlyCount "102"]
[EventDate "2019.02.15"]
[EventType "swiss"]
[EventRounds "5"]
[EventCountry "ITA"]

1. d4 Nf6 2. c4 e6 3. Nc3 Bb4 4. e3 b6 5. Nf3 Bb7 6. Qc2 O-O 7. Bd3 d5 8. O-O Nbd7 9. a3 Bxc3 10. bxc3 Ne4 11. cxd5 exd5 12. c4 Ndf6 13. Ne5 dxc4 14. Bxc4 Nd7 15. Nxf7 Rxf7 16. Bxf7+ Kxf7 17. Qc4+ Kf8 18. f3 Nd6 19. Qd3 Kg8 20. e4 a5 21. Qb3+ Kh8 22. Bf4 Qf6 23. Be3 Qg6 24. Rac1 c6 25. Rfe1 Re8 26. Bf2 h5 27. e5 Nc8 28. Bg3 Qe6 29. Qd3 Ne7 30. Qe4 b5 31. f4 Nf5 32. Bf2 Nb6 33. Qf3 g6 34. g4 hxg4 35. Qxg4 Nc4 36. Rc3 Kg7 37. Qg5 Rh8 38. a4 Rh5 39. Qd8 Ne7 40. axb5 cxb5 41. Qc7 Bd5 42. Rg3 Nd2 43. Rc1 Nf3+ 44. Kf1 Nxh2+ 45. Ke2 Bc4+ 46. Ke1 Kf7 47. Qxa5 Rh3 48. Rcc3 Rxg3 49. Rxg3 Qc6 50. Qc3 Qe4+ 51. Qe3 Qb1+ 0-1

[Event "78.Santo Camp. Veneto Quarti di Finale"]
[Site "Padova ITA"]
[Date "2019.02.16"]
[Round "2.1"]
[White "Basso, Pier Luigi"]
[Black "Cappelletto, Joshuaede"]
[Result "1-0"]
[WhiteElo "2512"]
[BlackElo "2105"]
[Annotator "Gabriele Ballarin"]
[PlyCount "51"]
[EventDate "2019.02.15"]
[EventType "swiss"]
[EventRounds "5"]
[EventCountry "ITA"]

1. d4 Nf6 2. c4 c5 3. d5 e6 4. Nc3 exd5 5. cxd5 d6 6. e4 g6 7. Bd3 Bg7 8. h3 O-O 9. Nf3 b5 10. Nxb5 Re8 11. O-O Nxe4 12. Re1 a6 13. Nc3 Nxc3 14. Rxe8+ Qxe8 15. bxc3 Bxc3 16. Rb1 Nd7 17. Qa4 Nf6 18. Qc4 Bb4 19. a3 Ba5 20. Bg5 Bd8 21. Qh4 Kg7 22. Qh6+ Kg8 23. Re1 Qa4 24. Bc2 Qd7 25. Qh4 Kg7 26. Ba4 1-0

[Event "78.Santo Camp. Veneto Quarti di Finale"]
[Site "Padova ITA"]
[Date "2019.02.16"]
[Round "2.2"]
[White "Fregonese, Giulio"]
[Black "Dvirnyy, Danyyil"]
[Result "1/2-1/2"]
[WhiteElo "2095"]
[BlackElo "2487"]
[Annotator "Gabriele Ballarin"]
[PlyCount "117"]
[EventDate "2019.02.15"]
[EventType "swiss"]
[EventRounds "5"]
[EventCountry "ITA"]

1. e4 e5 2. f4 exf4 3. Nf3 Nf6 4. Nc3 d5 5. exd5 Nxd5 6. Nxd5 Qxd5 7. d4 Be6 8. Be2 g5 9. O-O h6 10. c4 Qd6 11. b3 Bg7 12. Bb2 c5 13. Ba3 Bxd4+ 14. Nxd4 Qxd4+ 15. Qxd4 cxd4 16. Bf3 Nc6 17. Rad1 O-O-O 18. Bb2 Rhe8 19. Bxc6 bxc6 20. Bxd4 Bg4 21. Rd2 Re2 22. Rf2 Re1+ 23. Rf1 Re4 24. Bc3 Rxd2 25. Bxd2 Kd7 26. Re1 Rxe1+ 27. Bxe1 Ke6 28. Bc3 Kf5 29. Kf2 Bd1 30. Ke1 Bc2 31. b4 Bd3 32. c5 h5 33. Kf2 a6 34. Bb2 Be4 35. Bc3 h4 36. h3 Bc2 37. Kf3 Kg6 38. Bb2 Bd1+ 39. Kf2 Kf5 40. Ke1 f3 41. Kxd1 fxg2 42. Bd4 Ke4 43. Bg1 f5 44. Ke2 g4 45. hxg4 fxg4 46. Kf2 Kd4 47. Kxg2+ Kc4 48. a3 Kb3 49. Bf2 Kxa3 50. Be1 Kb3 51. Kh2 h3 52. Kg3 Kc4 53. Kh2 a5 54. bxa5 Kxc5 55. a6 Kb6 56. Bf2+ Kxa6 57. Bg1 Kb5 58. Kg3 c5 59. Kxg4 1/2-1/2

[Event "78.Santo Camp. Veneto Quarti di Finale"]
[Site "Padova ITA"]
[Date "2019.02.16"]
[Round "2.3"]
[White "Sonis, Francesco"]
[Black "Granaldi, Alessandro"]
[Result "1-0"]
[WhiteElo "2477"]
[BlackElo "2087"]
[Annotator "Gabriele Ballarin"]
[PlyCount "73"]
[EventDate "2019.02.15"]
[EventType "swiss"]
[EventRounds "5"]
[EventCountry "ITA"]

1. e4 c5 2. Nf3 Nc6 3. d4 cxd4 4. Nxd4 e5 5. Nb5 d6 6. N1c3 a6 7. Na3 Be7 8. Nc4 b5 9. Ne3 Rb8 10. g3 Nf6 11. Bg2 O-O 12. O-O b4 13. Ncd5 Nxd5 14. Nxd5 Bg5 15. Bxg5 Qxg5 16. Ne3 Qd8 17. Qd3 Qb6 18. Rfd1 Be6 19. c3 a5 20. h4 Rfd8 21. Rd2 a4 22. c4 Nd4 23. b3 Ra8 24. Rb1 axb3 25. axb3 Bc8 26. Nc2 Ne6 27. Rbd1 Nc5 28. Qxd6 Rxd6 29. Rxd6 Bg4 30. Rxb6 Bxd1 31. Ne3 Bxb3 32. Rxb4 g6 33. Rb5 Rc8 34. Bh3 Rc6 35. Ng4 Bxc4 36. Rb8+ Kg7 37. Nxe5 1-0

[Event "78.Santo Camp. Veneto Quarti di Finale"]
[Site "Padova ITA"]
[Date "2019.02.16"]
[Round "2.4"]
[White "Ridolfo, Enrico"]
[Black "Gilevych, Artem"]
[Result "0-1"]
[WhiteElo "2055"]
[BlackElo "2403"]
[Annotator "Gabriele Ballarin"]
[PlyCount "82"]
[EventDate "2019.02.15"]
[EventType "swiss"]
[EventRounds "5"]
[EventCountry "ITA"]

1. e4 e6 2. Nf3 d5 3. Nc3 Bb4 4. a3 Ba5 5. b4 Bb6 6. Bb2 Ne7 7. Bd3 Nbc6 8. Na4 O-O 9. Ng5 h6 10. Qh5 Bd4 11. Bxd4 Nxd4 12. Nf3 Ng6 13. Nxd4 dxe4 14. Bxe4 Qxd4 15. Nc3 Ne5 16. O-O f5 17. Rae1 Nc4 18. Nb5 Qb6 19. Qe2 a6 20. Nc3 Nxa3 21. Bd3 Bd7 22. Qe5 Rac8 23. Re3 c5 24. Rg3 Rf7 25. bxc5 Qxc5 26. Qf4 Qc7 27. Qb4 Nc4 28. Bxc4 Qxc4 29. Qd6 Qc5 30. Qf4 Qc7 31. Qh4 Kh7 32. Qh5 Rf6 33. Re1 b5 34. Qf3 Bc6 35. Qd3 Rd8 36. Qe2 b4 37. Nd1 Bb5 38. d3 Rc8 39. Qd2 a5 40. Re2 Ba4 41. Rge3 Qxc2 0-1